| 000 | 01118cam a22003618i 4500 | ||
|---|---|---|---|
| 001 | 19655412 | ||
| 003 | OSt | ||
| 005 | 20221101164947.0 | ||
| 008 | 170522s2017 enk 000 0 eng | ||
| 010 | _a 2017011194 | ||
| 020 | _a1138288256 | ||
| 040 |
_aDLC _beng _erda _cDLC |
||
| 042 | _apcc | ||
| 050 | 0 | 0 |
_aHQ1397 _b.D65 2017 |
| 245 | 0 | 0 |
_aDoing gender in media, art and culture : _ba comprehensive guide to gender studies / _cedited by Rosemarie Buikema, Liedeke Plate and Kathrin Thiele. |
| 260 |
_aNew York, _bRoutledge _c2017. |
||
| 263 | _a1709 | ||
| 300 | _axii, 306p. | ||
| 336 |
_atext _btxt _2rdacontent |
||
| 337 |
_aunmediated _bn _2rdamedia |
||
| 338 |
_avolume _bnc _2rdacarrier |
||
| 500 | _aEarlier edition: 2009. | ||
| 650 | 0 | _aFeminism. | |
| 650 | 0 | _aMass media. | |
| 650 | 0 | _aArt. | |
| 650 | 0 | _aCulture. | |
| 700 | 1 |
_aBuikema, Rosemarie, _eeditor. |
|
| 700 | 1 |
_aPlate, Liedeke, _eeditor. |
|
| 700 | 1 |
_aThiele, Kathrin, _d1972- _eeditor. |
|
| 906 |
_a7 _bcbc _corignew _d1 _eecip _f20 _gy-gencatlg |
||
| 942 |
_2lcc _cBK |
||
| 999 |
_c19765 _d19764 |
||